<?xml version="1.0" encoding="UTF-8"?>
<record
    xmlns:xsi="http://www.w3.org/2001/XMLSchema-instance"
    xsi:schemaLocation="http://www.loc.gov/MARC21/slim http://www.loc.gov/standards/marcxml/schema/MARC21slim.xsd"
    xmlns="http://www.loc.gov/MARC21/slim">

  <leader>00720nam a2200181Ia 4500</leader>
  <controlfield tag="008">151202s9999||||xx |||||||||||||| ||und||</controlfield>
  <datafield tag="082" ind1=" " ind2=" ">
    <subfield code="b">PNVM-16384</subfield>
  </datafield>
  <datafield tag="100" ind1=" " ind2=" ">
    <subfield code="a">&#x936;&#x947;&#x923;&#x94B;&#x932;&#x940;&#x915;&#x930; &#x939;.&#x936;&#x94D;&#x930;&#x940;.</subfield>
  </datafield>
  <datafield tag="245" ind1=" " ind2=" ">
    <subfield code="a">&#x91C;&#x94D;&#x91E;&#x93E;&#x928;&#x947;&#x936;&#x93E;&#x902;&#x91A;&#x940; &#x905;&#x92E;&#x943;&#x924;&#x935;&#x93E;&#x923;&#x940;.</subfield>
  </datafield>
  <datafield tag="260" ind1=" " ind2=" ">
    <subfield code="b">"&#x938;&#x94D;&#x915;&#x941;&#x932; &#x905;&#x200D;&#x945;&#x921; &#x915;&#x949;&#x932;&#x947;&#x91C; &#x92C;&#x941;&#x915; &#x938;&#x94D;&#x91F;&#x949;&#x932;, &#x915;&#x94B;&#x932;&#x94D;&#x939;&#x93E;&#x92A;&#x942;&#x930;."</subfield>
  </datafield>
  <datafield tag="260" ind1=" " ind2=" ">
    <subfield code="c">0</subfield>
  </datafield>
  <datafield tag="300" ind1=" " ind2=" ">
    <subfield code="a">0</subfield>
  </datafield>
  <datafield tag="600" ind1=" " ind2=" ">
    <subfield code="a">&#x936;&#x947;&#x923;&#x94B;&#x932;&#x940;&#x915;&#x930; &#x939;.&#x936;&#x94D;&#x930;&#x940;.</subfield>
  </datafield>
  <datafield tag="630" ind1=" " ind2=" ">
    <subfield code="a">&#x91C;&#x94D;&#x91E;&#x93E;&#x928;&#x947;&#x936;&#x93E;&#x902;&#x91A;&#x940; &#x905;&#x92E;&#x943;&#x924;&#x935;&#x93E;&#x923;&#x940;.</subfield>
  </datafield>
  <datafield tag="700" ind1=" " ind2=" ">
    <subfield code="a">&#x936;&#x947;&#x923;&#x94B;&#x932;&#x940;&#x915;&#x930; &#x939;.&#x936;&#x94D;&#x930;&#x940;.</subfield>
  </datafield>
  <datafield tag="730" ind1=" " ind2=" ">
    <subfield code="a">&#x91C;&#x94D;&#x91E;&#x93E;&#x928;&#x947;&#x936;&#x93E;&#x902;&#x91A;&#x940; &#x905;&#x92E;&#x943;&#x924;&#x935;&#x93E;&#x923;&#x940;.</subfield>
  </datafield>
  <datafield tag="942" ind1=" " ind2=" ">
    <subfield code="c">BOOK</subfield>
  </datafield>
  <datafield tag="999" ind1=" " ind2=" ">
    <subfield code="c">1282369</subfield>
    <subfield code="d">1282366</subfield>
  </datafield>
  <datafield tag="952" ind1=" " ind2=" ">
    <subfield code="0">0</subfield>
    <subfield code="1">0</subfield>
    <subfield code="4">0</subfield>
    <subfield code="7">0</subfield>
    <subfield code="a">PNVM</subfield>
    <subfield code="b">PNVM</subfield>
    <subfield code="d">2015-07-09</subfield>
    <subfield code="g">0.00</subfield>
    <subfield code="l">0</subfield>
    <subfield code="o">PNVM-16384</subfield>
    <subfield code="p">PNVM-16384</subfield>
    <subfield code="r">2015-12-02 00:00:00</subfield>
    <subfield code="v">0.00</subfield>
    <subfield code="w">2015-12-02</subfield>
    <subfield code="y">BOOK</subfield>
  </datafield>
</record>
